[Event "World Junior Championship"]
[Site "Chotowa POL"]
[Date "2010.08.15"]
[EventDate "2010.08.03"]
[Round "12"]
[Result "1/2-1/2"]
[White "Eltaj Safarli"]
[Black "Falko Bindrich"]
[WhiteElo "2603"]
[BlackElo "2522"]
[PlyCount "142"]

1. e4 e5 2. Nf3 Nc6 3. Bb5 a6 4. Ba4 Nf6 5. O-O Be7 6. Re1 b5
7. Bb3 d6 8. c3 O-O 9. h3 Nb8 10. d4 Nbd7 11. Nbd2 Bb7 12. Bc2
Re8 13. Nf1 Bf8 14. Ng3 g6 15. a4 Bg7 16. Bd3 c6 17. Bg5 Qc7
18. b4 Nf8 19. Qc2 Ne6 20. Be3 Nd7 21. Red1 Nb6 22. dxe5 dxe5
23. a5 Na4 24. Rxa4 bxa4 25. Bb6 Qc8 26. Qxa4 Re7 27. Bc4 Rd7
28. Kh2 Qe8 29. Qb3 Rxd1 30. Qxd1 Qe7 31. Ne1 Bc8 32. Nd3 Nf4
33. Nc5 Ne6 34. Nf1 Nxc5 35. Bxc5 Qe8 36. Qd3 Bh6 37. Ne3 Bf8
38. Bb6 Kg7 39. Qe2 Qe7 40. Bd3 Qe8 41. Nc4 Be6 42. Nxe5 Bd6
43. f4 c5 44. Qf2 cxb4 45. Qd4 Bxe5 46. Qxe5+ f6 47. Qc7+ Qd7
48. Qxd7+ Bxd7 49. cxb4 Bc6 50. Kg3 Bb7 51. Kf2 Rc8 52. Bc5
Rd8 53. Ke3 Rxd3+ 54. Kxd3 f5 55. e5 Bxg2 56. Kd4 Bc6 57. e6
Kf6 58. b5 Bxb5 59. Kd5 g5 60. Bd4+ Kg6 61. Ke5 h6 62. Be3 Ba4
63. Bd2 Bb5 64. Be3 Ba4 65. Kd6 Kf6 66. Bd4+ Kg6 67. Ke5 Bb5
68. Bc5 gxf4 69. Kxf4 Kf6 70. e7 Be8 71. h4 Ke6 1/2-1/2

[Event "World Junior Championship"]
[Site "Chotowa POL"]
[Date "2010.08.16"]
[EventDate "2010.08.03"]
[Round "13"]
[Result "1/2-1/2"]
[White "Emre Can"]
[Black "Eltaj Safarli"]
[WhiteElo "2477"]
[BlackElo "2603"]
[PlyCount "80"]

1. e4 e5 2. Nf3 Nc6 3. Bc4 Bc5 4. Nc3 d6 5. Na4 a6 6. Nxc5
dxc5 7. d3 h6 8. Be3 Qd6 9. Nd2 Nge7 10. O-O Ng6 11. Bd5 Nce7
12. Bb3 b6 13. Qh5 O-O 14. g3 Be6 15. Nc4 Bxc4 16. Bxc4 Kh7
17. a4 f5 18. exf5 Nxf5 19. c3 e4 20. dxe4 Nxe3 21. fxe3 Ne5
22. Rad1 Qe7 23. Be2 g6 24. Qh3 a5 25. Rf4 Kg7 26. Qf1 Rad8
27. Rd5 c6 28. Rd1 Rxd1 29. Qxd1 Rd8 30. Qb3 Rd2 31. Rf2 Qc7
32. Qe6 Rxb2 33. Qf6+ Kh7 34. Qe6 Kg7 35. Qf6+ Kh7 36. Qe6 Qg7
37. Kf1 Rb1+ 38. Kg2 Rb2 39. Kf1 Rb1+ 40. Kg2 Rb2 1/2-1/2

[Event "Chigorin Mem Classic Open"]
[Site "St Petersburg RUS"]
[Date "2010.10.28"]
[EventDate "2010.10.28"]
[Round "1"]
[Result "1-0"]
[White "Eltaj Safarli"]
[Black "Petr Letov"]
[WhiteElo "2607"]
[BlackElo "2264"]
[PlyCount "81"]

1. e4 e6 2. d4 d5 3. exd5 exd5 4. c4 Nf6 5. Nc3 Be7 6. Bd3
dxc4 7. Bxc4 O-O 8. Nge2 a6 9. Bg5 b5 10. Bb3 Bb7 11. O-O Nc6
12. Qd3 b4 13. Bxf6 Bxf6 14. Nd5 Bg5 15. Ng3 a5 16. Rfd1 a4
17. Bc4 Ra5 18. Ne3 Bf6 19. Nc2 Qa8 20. Ne4 Be7 21. Re1 Kh8
22. Rad1 f5 23. Nd2 Bf6 24. Re2 Ne7 25. f3 Rd8 26. Rde1 Ng6
27. Qe3 Bd5 28. Kh1 Bxc4 29. Nxc4 Rad5 30. b3 axb3 31. axb3 h6
32. Qc1 Qb8 33. Re6 Kh7 34. N4e3 Ra5 35. Qd2 Ra2 36. Rxf6 Rxc2
37. Qxc2 gxf6 38. Nxf5 Rd7 39. h4 Kh8 40. Re6 Qd8 41. Qc6 1-0

[Event "Chigorin Mem Classic Open"]
[Site "St Petersburg RUS"]
[Date "2010.10.29"]
[EventDate "2010.10.28"]
[Round "2"]
[Result "1/2-1/2"]
[White "Roman Lovkov"]
[Black "Eltaj Safarli"]
[WhiteElo "2414"]
[BlackElo "2607"]
[PlyCount "64"]

1. c4 Nf6 2. Nc3 c5 3. e4 Nc6 4. g3 e6 5. Bg2 d5 6. exd5 exd5
7. cxd5 Nb4 8. d3 Nfxd5 9. Nxd5 Nxd5 10. Ne2 Be7 11. O-O O-O
12. d4 cxd4 13. Nxd4 Bf6 14. Re1 a6 15. Be4 h6 16. Nf5 Bxf5
17. Bxf5 Ne7 18. Be4 Nc6 19. Qh5 Qa5 20. Qxa5 Nxa5 21. Rb1
Rac8 22. Bf4 g5 23. Bd2 Nc6 24. Rec1 Rfe8 25. Bxc6 Rxc6
26. Rxc6 bxc6 27. Be3 Re4 28. b3 Bd4 29. Bxd4 Rxd4 30. Re1 Rd2
31. a4 Rd6 32. Re5 Kg7 1/2-1/2

[Event "Chigorin Mem Classic Open"]
[Site "St Petersburg RUS"]
[Date "2010.11.01"]
[EventDate "2010.10.28"]
[Round "5"]
[Result "1-0"]
[White "Eltaj Safarli"]
[Black "Sergei Iskusnyh"]
[WhiteElo "2607"]
[BlackElo "2465"]
[PlyCount "61"]

1. e4 e6 2. d4 d5 3. Nc3 Nf6 4. Bg5 dxe4 5. Nxe4 Nbd7 6. Nf3
h6 7. Nxf6+ Nxf6 8. Bh4 c5 9. Bd3 cxd4 10. O-O Be7 11. Nxd4
O-O 12. c3 Qb6 13. Qe2 Rd8 14. Rad1 Bd7 15. Bc2 Be8 16. Rfe1
Rac8 17. Bb3 Kh8 18. Rd3 Nd5 19. Bxe7 Nxe7 20. Rg3 Rc5 21. Qg4
Rg5 22. Qf3 Rxg3 23. hxg3 Nc6 24. Nxe6 fxe6 25. Rxe6 Qc5
26. Bc2 Bh5 27. Qe4 Kg8 28. Qh7+ Kf7 29. Bb3 Rd1+ 30. Re1+ Rd5
31. Qf5+ 1-0

[Event "Chigorin Mem Classic Open"]
[Site "St Petersburg RUS"]
[Date "2010.11.03"]
[EventDate "2010.10.28"]
[Round "7"]
[Result "1-0"]
[White "Eltaj Safarli"]
[Black "Ivan Sokolov"]
[WhiteElo "2607"]
[BlackElo "2641"]
[PlyCount "111"]

1. e4 e5 2. Nf3 Nc6 3. Bb5 a6 4. Ba4 Nf6 5. O-O Nxe4 6. d4 b5
7. Bb3 d5 8. dxe5 Be6 9. Nbd2 Nc5 10. c3 Nxb3 11. Nxb3 Be7
12. Nfd4 Nxd4 13. cxd4 a5 14. Qc2 Qd7 15. Bd2 Bf5 16. Qc1 a4
17. Nc5 Qc6 18. Bb4 Qg6 19. Qc3 O-O 20. Rfe1 h5 21. Nd3 Bxd3
22. Bxe7 Rfe8 23. Re3 Be4 24. Rg3 Qe6 25. Bh4 Rac8 26. Qc5 Qd7
27. f3 Bg6 28. Rg5 Kh7 29. Rf1 c6 30. f4 f6 31. Rg3 Qf5 32. h3
Re6 33. exf6 gxf6 34. Qa7+ Kh6 35. Bg5+ fxg5 36. fxg5+ Qxg5
37. Rxg5 Kxg5 38. Qg7 Rce8 39. Rf3 h4 40. Qc7 Kh5 41. Rc3 Re1+
42. Kh2 Rf8 43. Qd7 Kh6 44. Qg4 Re4 45. Qd1 Rf2 46. Rf3 Rxf3
47. gxf3 Re6 48. Qd2+ Kg7 49. Qf2 Rf6 50. f4 Be4 51. Qxh4 Rg6
52. Qe7+ Kh6 53. h4 Rg2+ 54. Kh3 Rxb2 55. Qe6+ Kh7 56. f5 1-0

[Event "Baku Open"]
[Site "Baku AZE"]
[Date "2011.08.07"]
[EventDate "2011.08.06"]
[Round "2"]
[Result "0-1"]
[White "Nijat Aghayev"]
[Black "Eltaj Safarli"]
[WhiteElo "2279"]
[BlackElo "2622"]
[PlyCount "112"]

1. d4 Nf6 2. Nf3 g6 3. Nc3 d5 4. Bf4 Bg7 5. Qd2 Ne4 6. Nxe4
dxe4 7. Ng5 Bf5 8. g4 Bxg4 9. c3 e5 10. dxe5 Qxd2+ 11. Bxd2
Bxe5 12. Nxe4 Nc6 13. h3 Bf5 14. Bg2 O-O-O 15. O-O-O Rhe8
16. Be3 Bg7 17. Nc5 Bf8 18. Nb3 Be6 19. Rxd8+ Nxd8 20. Rd1 b6
21. Nd4 Bd7 22. Rd2 c5 23. Nc2 Ne6 24. Na3 f5 25. Rd1 f4
26. Bd2 Bd6 27. h4 Ng7 28. Bf3 Nf5 29. Rh1 h5 30. Nc2 Be7
31. Bxf4 Nxh4 32. Bd5 Rf8 33. Be5 Bg4 34. f3 Bg5+ 35. f4 Be7
36. e4 Nf3 37. Bg7 Rxf4 38. Ne3 Bf6 39. Bh6 Bg5 40. Bxg5 Nxg5
41. Nxg4 hxg4 42. e5 Rf5 43. Rg1 Rxe5 44. c4 Nh3 45. Rxg4 g5
46. Re4 Rxe4 47. Bxe4 Kc7 48. Kd2 Kd6 49. Ke3 Ke5 50. Bc6 Nf4
51. Bd7 Nh5 52. a3 Nf6 53. Bc8 Ne4 54. b3 Nd6 55. Bd7 Nf5+
56. Kf2 a5 0-1

[Event "Baku Open"]
[Site "Baku AZE"]
[Date "2011.08.09"]
[EventDate "2011.08.06"]
[Round "4"]
[Result "1/2-1/2"]
[White "Rauf Mamedov"]
[Black "Eltaj Safarli"]
[WhiteElo "2679"]
[BlackElo "2622"]
[PlyCount "56"]

1. e4 c5 2. Nf3 d6 3. d4 cxd4 4. Nxd4 Nf6 5. Nc3 a6 6. Bg5 e6
7. f4 Qb6 8. Qd2 Qxb2 9. Rb1 Qa3 10. e5 h6 11. Bh4 dxe5
12. fxe5 Nd5 13. Nxd5 exd5 14. e6 Bxe6 15. Nxe6 fxe6 16. Bd3
Be7 17. Bg6+ Kd8 18. Bxe7+ Qxe7 19. O-O Nd7 20. Rf7 Qc5+
21. Kh1 Rc8 22. Qe1 Qc6 23. Qh4+ Kc7 24. Qg3+ Kd8 25. Qh4+ Kc7
26. Qf4+ Kd8 27. Qh4+ Kc7 28. Qg3+ Kd8 1/2-1/2

[Event "Baku Open"]
[Site "Baku AZE"]
[Date "2011.08.12"]
[EventDate "2011.08.06"]
[Round "7"]
[Result "1/2-1/2"]
[White "Eltaj Safarli"]
[Black "Ayaz Mammadov"]
[WhiteElo "2622"]
[BlackElo "2382"]
[PlyCount "183"]

1. e4 e6 2. d4 d5 3. Nc3 Nf6 4. Bg5 Bb4 5. e5 h6 6. Be3 Ne4
7. a3 Nxc3 8. Qg4 Bf8 9. bxc3 b6 10. Bd3 Ba6 11. Ne2 Bxd3
12. cxd3 Nc6 13. h4 Ne7 14. Ng3 Qd7 15. h5 Nf5 16. Nxf5 exf5
17. Qf3 Be7 18. Ke2 O-O 19. Rh3 c5 20. Rg1 f6 21. Rg3 Kh7
22. Rg6 fxe5 23. dxe5 Rae8 24. e6 Qa4 25. Rc1 f4 26. Bd2 Bf6
27. Qxd5 Rxe6+ 28. Kf1 Re5 29. Qf3 Bg5 30. d4 Qc4+ 31. Kg1 Re2
32. Rd1 Rfe8 33. Bxf4 Rf8 34. g3 Bxf4 35. gxf4 Re7 36. Rg4
cxd4 37. cxd4 Qe2 38. Qxe2 Rxe2 39. d5 Re7 40. Kg2 Rf5 41. Rg6
Rxf4 42. d6 Rd7 43. Rd5 Kg8 44. Kg3 Ra4 45. Rd3 Kf7 46. f4 Re4
47. Kg4 b5 48. Kf5 Rc4 49. Rdg3 Rc5+ 50. Ke4 Ke8 51. Rxg7 Rxd6
52. Rxa7 Kf8 53. Rg6 Rdc6 54. Ra8+ Kf7 55. Ra7+ Kf8 56. Kf3
Rc1 57. Ra8+ Kf7 58. Ra7+ Kf8 59. Rxc6 Rxc6 60. Ke4 Rb6
61. Rh7 b4 62. axb4 Rxb4+ 63. Kf5 Rb5+ 64. Kg4 Rb6 65. Rd7 Rb5
66. Rd6 Kg7 67. Rg6+ Kh7 68. Re6 Kg7 69. Re7+ Kg8 70. Re5 Rb6
71. Rd5 Rf6 72. Rd8+ Kg7 73. Rd7+ Kg8 74. f5 Ra6 75. Kf4 Ra5
76. Ke4 Kf8 77. Rd6 Kg7 78. Rg6+ Kh7 79. Rd6 Kg7 80. Rg6+ Kh7
81. f6 Ra4+ 82. Ke5 Ra5+ 83. Kd6 Ra6+ 84. Kd7 Ra7+ 85. Kc6
Ra6+ 86. Kc7 Ra7+ 87. Kb6 Ra1 88. Rg7+ Kh8 89. Kc5 Ra5+
90. Kd6 Ra6+ 91. Ke7 Rxf6 92. Kxf6 1/2-1/2

[Event "13th European Individual Championship"]
[Site "Plovdiv BUL"]
[Date "2012.03.23"]
[EventDate "2012.03.20"]
[Round "4.78"]
[Result "1-0"]
[White "Eltaj Safarli"]
[Black "Aleksandar Colovic"]
[WhiteElo "2645"]
[BlackElo "2436"]
[PlyCount "104"]

1. e4 e5 2. Nf3 Nc6 3. Bb5 Nf6 4. d3 d6 5. O-O g6 6. d4 Bd7
7. d5 Ne7 8. Bxd7+ Qxd7 9. Re1 Bg7 10. c4 O-O 11. Nc3 Nh5
12. Be3 h6 13. c5 f5 14. exf5 Nxf5 15. Ne4 Nf6 16. Nxf6+ Bxf6
17. Qd3 Kh7 18. Rac1 Rae8 19. Nd2 Nxe3 20. Rxe3 Bg5 21. Re4
Qf5 22. f3 Rf7 23. Rcc4 Bxd2 24. Qxd2 Ref8 25. a4 h5 26. h3
Kg7 27. Qb4 Qg5 28. cxd6 Rxf3 29. dxc7 h4 30. Qxf8+ Rxf8
31. c8=Q Rxc8 32. Rxc8 Qd2 33. Rc7+ Kf6 34. Rxb7 Qxd5 35. Rbb4
a5 36. Rbc4 g5 37. Kh2 Qd3 38. b4 axb4 39. Rxb4 Qg3+ 40. Kh1
Qa3 41. Rb5 Qc1+ 42. Kh2 Qa3 43. a5 Qd3 44. Rbxe5 g4 45. Re3
g3+ 46. Kg1 Qd1+ 47. Re1 Qd2 48. a6 Qa2 49. Re6+ Kg5 50. Kh1
Qa3 51. Rb6 Qc5 52. Reb1 Qc8 1-0

[Event "13th European Individual Championship"]
[Site "Plovdiv BUL"]
[Date "2012.03.28"]
[EventDate "2012.03.20"]
[Round "8.50"]
[Result "0-1"]
[White "Eltaj Safarli"]
[Black "Vasif Durarbayli"]
[WhiteElo "2645"]
[BlackElo "2543"]
[PlyCount "96"]

1. e4 c5 2. Nf3 e6 3. c3 d5 4. exd5 Qxd5 5. d4 Nf6 6. Bd3 Be7
7. O-O O-O 8. Be3 Rd8 9. Qe2 Nc6 10. Rd1 cxd4 11. cxd4 Nb4
12. Nc3 Qh5 13. Ne5 Nxd3 14. Qxh5 Nxh5 15. Rxd3 Nf6 16. Rad1
Kf8 17. Bg5 Bd7 18. d5 Nxd5 19. Bxe7+ Kxe7 20. Nxd5+ exd5
21. Nxd7 Rxd7 22. Rxd5 Rxd5 23. Rxd5 Rc8 24. Kf1 Rc2 25. Rb5
b6 26. a4 Kd6 27. a5 Rc5 28. Rb3 Rxa5 29. Ke1 Rd5 30. Rg3 g6
31. Rf3 Re5+ 32. Kf1 f5 33. Rd3+ Kc6 34. Rh3 Re7 35. Rc3+ Kb5
36. h4 Kb4 37. f3 b5 38. Kf2 a5 39. g4 fxg4 40. fxg4 Re4
41. Kf3 Rc4 42. Re3 h5 43. gxh5 gxh5 44. Kg3 a4 45. Re5 Rc5
46. Re3 Rc2 47. Re4+ Kb3 48. Re5 b4 0-1

[Event "Turkish Bank Chess League 2012"]
[Site "Konya TUR"]
[Date "2012.07.18"]
[EventDate "2012.07.11"]
[Round "9"]
[Result "0-1"]
[White "Vedat Ali Cetinkaya"]
[Black "Eltaj Safarli"]
[WhiteElo "2040"]
[BlackElo "2623"]
[PlyCount "102"]

1. d4 Nf6 2. c4 g6 3. g3 Bg7 4. Bg2 d5 5. Nf3 O-O 6. O-O dxc4
7. Ne5 Ne8 8. Na3 Nd6 9. e3 Be6 10. Qe2 Nd7 11. Naxc4 Nxe5
12. Nxd6 cxd6 13. dxe5 Bxe5 14. Bxb7 Rb8 15. Bg2 Qc7 16. Rd1
Rfc8 17. Bd5 Bd7 18. Rb1 Bb5 19. Qd2 e6 20. Bb3 d5 21. Qe1 Bc4
22. Bxc4 Qxc4 23. Bd2 Bxb2 24. Bc1 Qc7 25. Bd2 Qc4 26. Bc1 Bf6
27. Rxb8 Rxb8 28. a3 Rb3 29. Kg2 h5 30. h4 Qe4+ 31. Kg1 Qc2
32. Qd2 Qxd2 33. Rxd2 Be7 34. Rb2 Rd3 35. Rb8+ Kg7 36. Bb2+
Bf6 37. Bxf6+ Kxf6 38. a4 Ra3 39. Rb4 a5 40. Rd4 Ke5 41. g4
hxg4 42. Rxg4 Kd6 43. Kf1 e5 44. h5 gxh5 45. Rh4 Ke6 46. Ke2
f6 47. Kd2 Ra2+ 48. Ke1 Kf7 49. Rxh5 Rxa4 50. Rh8 Ra1+ 51. Ke2
a4 0-1

[Event "Turkish Bank Chess League 2012"]
[Site "Konya TUR"]
[Date "2012.07.20"]
[EventDate "2012.07.11"]
[Round "11"]
[Result "1/2-1/2"]
[White "Alexander Galkin"]
[Black "Eltaj Safarli"]
[WhiteElo "2615"]
[BlackElo "2623"]
[PlyCount "42"]

1. Nf3 Nf6 2. c4 g6 3. b3 Bg7 4. Bb2 O-O 5. g3 c6 6. Bg2 d5
7. O-O Bg4 8. d3 Nbd7 9. Nbd2 Re8 10. h3 Bxf3 11. Nxf3 e6
12. Qc2 Qe7 13. a3 a5 14. e3 Rec8 15. Rac1 Ne8 16. Rfd1 Bxb2
17. Qxb2 Nd6 18. Nd2 h5 19. h4 Qf6 20. Qb1 Qe7 21. Qb2 Qf6
1/2-1/2

[Event "Turkish Bank Chess League 2012"]
[Site "Konya TUR"]
[Date "2012.07.11"]
[EventDate "2012.07.11"]
[Round "1"]
[Result "1/2-1/2"]
[White "Mikhael Mchedlishvili"]
[Black "Eltaj Safarli"]
[WhiteElo "2656"]
[BlackElo "2623"]
[PlyCount "126"]

1. d4 Nf6 2. c4 g6 3. g3 Bg7 4. Bg2 d5 5. cxd5 Nxd5 6. Nf3 Nb6
7. O-O Nc6 8. e3 O-O 9. Nc3 Re8 10. Re1 a5 11. Qe2 Be6 12. Nd2
a4 13. Rd1 f5 14. Rb1 Bf7 15. Nf3 Bc4 16. Qe1 Nb4 17. Ne5 Bxe5
18. dxe5 Nc2 19. Qd2 Nb4 20. e4 Qxd2 21. Bxd2 Bd3 22. Rbc1 Nc4
23. exf5 Nxb2 24. Nd5 Nxd5 25. Bxd5+ e6 26. Bxb7 Nxd1 27. Bxa8
Rxa8 28. f6 Nb2 29. Rxc7 Nc4 30. f7+ Kg7 31. Bb4 Rf8 32. Bxf8+
Kxf8 33. f4 Nb6 34. Rc6 Nd5 35. Rxe6 Kxf7 36. Rc6 Ne7 37. Rc3
Bb5 38. Kf2 Ke6 39. Rc5 Bc6 40. Ke3 Bd5 41. a3 Nc6 42. Rb5 h5
43. Rb6 Kd7 44. Rb5 Bb3 45. Ke4 Ke6 46. Rc5 Ne7 47. Ra5 Nc6
48. Ra6 Bc2+ 49. Ke3 Kd5 50. Kd2 Bb3 51. Kc3 Kc5 52. Ra8 Ne7
53. Kd3 Bc4+ 54. Kd2 Bb3 55. Ra7 Nd5 56. Rg7 Nb6 57. Kc3 Nc4
58. Rc7+ Kd5 59. e6 Nd6 60. Rg7 Kxe6 61. Rxg6+ Ke7 62. h3 Bf7
63. Rh6 Nf5 1/2-1/2

[Event "Turkish Bank Chess League 2012"]
[Site "Konya TUR"]
[Date "2012.07.12"]
[EventDate "2012.07.11"]
[Round "2"]
[Result "1/2-1/2"]
[White "Eltaj Safarli"]
[Black "Mikhail Kobalia"]
[WhiteElo "2623"]
[BlackElo "2677"]
[PlyCount "31"]

1. e4 e5 2. Nf3 Nc6 3. Bb5 a6 4. Ba4 Nf6 5. O-O b5 6. Bb3 Bc5
7. Qe2 O-O 8. c3 d6 9. Rd1 Bb6 10. h3 h6 11. d3 Re8 12. Be3
Bxe3 13. fxe3 Na5 14. Bc2 c5 15. Nbd2 Bb7 16. Qf2 1/2-1/2

[Event "Turkish Bank Chess League 2012"]
[Site "Konya TUR"]
[Date "2012.07.14"]
[EventDate "2012.07.11"]
[Round "4"]
[Result "1/2-1/2"]
[White "Eltaj Safarli"]
[Black "Ernesto Inarkiev"]
[WhiteElo "2623"]
[BlackElo "2707"]
[PlyCount "70"]

1. e4 c5 2. Nf3 d6 3. d4 cxd4 4. Nxd4 Nf6 5. Nc3 a6 6. Be3 e6
7. g4 h6 8. Bg2 g5 9. Qe2 Nbd7 10. O-O-O Ne5 11. h3 Nfd7
12. f4 gxf4 13. Bxf4 b5 14. h4 Bb7 15. g5 Qa5 16. Kb1 b4
17. Nd5 exd5 18. exd5 hxg5 19. Bxg5 Bxd5 20. Nb3 Bxb3 21. cxb3
Rc8 22. Rd5 Rc5 23. Rxc5 Nxc5 24. Bc6+ Nd7 25. Qe4 Bg7 26. h5
Qb6 27. Rc1 f6 28. Be3 Qd8 29. Qf5 Qe7 30. Bd5 Nc5 31. Bxc5
dxc5 32. Qc8+ Qd8 33. Qe6+ Qe7 34. Qc8+ Qd8 35. Qe6+ Qe7
1/2-1/2

[Event "Turkish Bank Chess League 2012"]
[Site "Konya TUR"]
[Date "2012.07.15"]
[EventDate "2012.07.11"]
[Round "5"]
[Result "1/2-1/2"]
[White "Aleksandr Shimanov"]
[Black "Eltaj Safarli"]
[WhiteElo "2606"]
[BlackElo "2623"]
[PlyCount "61"]

1. Nf3 Nf6 2. c4 g6 3. Nc3 d5 4. cxd5 Nxd5 5. Qb3 Nb6 6. d4
Bg7 7. Bg5 h6 8. Bh4 Be6 9. Qc2 g5 10. Bg3 g4 11. Nd2 Nc6
12. e3 h5 13. a3 h4 14. Bf4 Nd5 15. Nxd5 Qxd5 16. Bd3 f5
17. f3 h3 18. gxh3 Rxh3 19. O-O-O O-O-O 20. fxg4 fxg4 21. Ne4
Bh6 22. Nc3 Qxh1 23. Rxh1 Bxf4 24. exf4 Nxd4 25. Qa4 Rxd3
26. Qxa7 Nb3+ 27. Kb1 Rd1+ 28. Rxd1 Rxd1+ 29. Nxd1 Bf5+
30. Ka2 Nc1+ 31. Ka1 1/2-1/2

[Event "Turkish Bank Chess League 2012"]
[Site "Konya TUR"]
[Date "2012.07.16"]
[EventDate "2012.07.11"]
[Round "6"]
[Result "1/2-1/2"]
[White "Eltaj Safarli"]
[Black "Mikhail Gurevich"]
[WhiteElo "2623"]
[BlackElo "2596"]
[PlyCount "245"]

1. e4 e6 2. d4 d5 3. Nc3 Nf6 4. Bg5 dxe4 5. Nxe4 Be7 6. Bxf6
Bxf6 7. Nf3 Nd7 8. Bd3 c5 9. Qe2 Qa5+ 10. c3 cxd4 11. Nd6+ Kf8
12. Nc4 Qc5 13. cxd4 Qb4+ 14. Ncd2 b6 15. O-O Bb7 16. Be4 Bxe4
17. Nxe4 Ke7 18. d5 Rhc8 19. Rad1 Qxb2 20. Rd2 Qb4 21. Rfd1 e5
22. a3 Qa4 23. Nd4 g6 24. Nc6+ Kf8 25. Nxf6 Nxf6 26. Qxe5 Kg7
27. Rd4 Qb5 28. Ne7 Rc2 29. Nf5+ gxf5 30. Qxf5 Rc6 31. Qf4
Nxd5 32. Rxd5 Qe2 33. h4 Re8 34. Rg5+ Rg6 35. Rd7 Re7 36. Qd4+
Kh6 37. Rd6 Qe1+ 38. Kh2 Qe4 39. Rgxg6+ fxg6 40. Qd2+ Kg7
41. Qc3+ Kg8 42. g3 Qe5 43. Rd8+ Kf7 44. Qc8 Re8 45. Qb7+ Kg8
46. Ra8 Qe2 47. Kg1 Qe1+ 48. Kg2 Qe6 49. Rxa7 Qe4+ 50. Qxe4
Rxe4 51. Ra6 Re6 52. g4 Rc6 53. Kg3 h6 54. f3 Kg7 55. Ra7+ Kg8
56. Rb7 Rf6 57. Kf2 Re6 58. a4 Kh8 59. Rd7 Kg8 60. Ra7 Rc6
61. Ke3 Rc4 62. Ra6 Kg7 63. Ra7+ Kg8 64. Kf2 Rb4 65. Kg3 Rc4
66. f4 Rc3+ 67. Kf2 Ra3 68. Ra6 Kg7 69. Ke2 Rb3 70. Ra7+ Kg8
71. Kf2 Ra3 72. h5 gxh5 73. gxh5 Rh3 74. Ra6 Ra3 75. Rxb6 Rxa4
76. Kg3 Kg7 77. Rg6+ Kh7 78. Re6 Kg7 79. Kg4 Ra5 80. Re7+ Kg8
81. Re5 Ra6 82. Re7 Ra5 83. Re5 Ra6 84. Kf5 Kf7 85. Rb5 Rf6+
86. Kg4 Kg7 87. Rb7+ Kg8 88. Rd7 Kf8 89. f5 Ra6 90. Kf4 Ra5
91. Ke4 Kg8 92. Rd6 Kg7 93. Rg6+ Kh7 94. Rd6 Kg7 95. Rd5 Ra7
96. Rd6 Ra5 97. Rg6+ Kh7 98. f6 Ra4+ 99. Kd5 Ra5+ 100. Kc6 Ra7
101. Kb6 Rd7 102. Kc5 Ra7 103. Rg4 Ra5+ 104. Kd6 Ra6+ 105. Ke5
Ra5+ 106. Ke4 Ra4+ 107. Kf3 Ra3+ 108. Kg2 Ra2+ 109. Kg3 Ra3+
110. Kh4 Ra7 111. Re4 Kg8 112. Kg4 Kf7 113. Kh4 Kg8 114. Kg4
Kf7 115. Kf5 Rb7 116. Re7+ Rxe7 117. fxe7 Kxe7 118. Kg6 Kf8
119. Kxh6 Kg8 120. Kg6 Kh8 121. h6 Kg8 122. h7+ Kh8 123. Kh6
1/2-1/2

[Event "Chess Olympiad"]
[Site "Istanbul TUR"]
[Date "2012.08.28"]
[EventDate "2012.08.28"]
[Round "1.2"]
[Result "1-0"]
[White "Eltaj Safarli"]
[Black "Vlad Serban"]
[WhiteElo "2620"]
[BlackElo "2280"]
[PlyCount "67"]

1. e4 c5 2. Nf3 e6 3. Nc3 d6 4. g3 Nf6 5. Bg2 Be7 6. O-O O-O
7. d4 cxd4 8. Nxd4 a6 9. a4 Qc7 10. Nb3 Nc6 11. f4 Rb8 12. Be3
b6 13. g4 Re8 14. g5 Nd7 15. f5 Nde5 16. Kh1 Bf8 17. f6 Bb7
18. Ne2 d5 19. fxg7 Bxg7 20. Ng3 Ne7 21. a5 bxa5 22. Nc5 Nc4
23. Bg1 Nxb2 24. Qh5 Ng6 25. Nxb7 Rxb7 26. exd5 Rb5 27. Rae1
Nf4 28. Rxf4 Qxf4 29. Rf1 Qc7 30. Be4 Rxd5 31. Qxh7+ Kf8
32. Bxd5 exd5 33. Nf5 Be5 34. Nh6 1-0

[Event "Chess Olympiad"]
[Site "Istanbul TUR"]
[Date "2012.08.29"]
[EventDate "2012.08.28"]
[Round "2.3"]
[Result "1-0"]
[White "Eltaj Safarli"]
[Black "Sam E Collins"]
[WhiteElo "2620"]
[BlackElo "2459"]
[PlyCount "101"]

1. e4 e5 2. Nc3 Nf6 3. g3 Nc6 4. Bg2 Bc5 5. d3 a6 6. Nf3 d6
7. O-O h6 8. Be3 O-O 9. h3 Be6 10. d4 exd4 11. Nxd4 Nxd4
12. Bxd4 Nd7 13. f4 f6 14. Bxc5 Nxc5 15. Qd4 Nd7 16. Nd5 a5
17. c4 Nb8 18. Rad1 Nc6 19. Qc3 Qb8 20. c5 dxc5 21. Qxc5 Rf7
22. e5 fxe5 23. fxe5 Qa7 24. Qxa7 Rxa7 25. Nf4 Bxa2 26. e6 Re7
27. Rd7 Re8 28. Bxc6 bxc6 29. Nh5 Kh8 30. Rxg7 Rg8 31. Rxg8+
Kxg8 32. e7 Bf7 33. Nf6+ Kg7 34. e8=Q Bxe8 35. Nxe8+ Kg8
36. Rf6 Rb7 37. Rxc6 Rb3 38. Nxc7 Rxg3+ 39. Kh2 Rb3 40. Rc2 a4
41. Nd5 Kf7 42. Nc3 a3 43. bxa3 Rxa3 44. Ne4 Re3 45. Ng3 Re6
46. Kg2 Kg6 47. Kf3 Ra6 48. Rc4 h5 49. Ne2 Ra3+ 50. Rc3 Ra5
51. h4 1-0

[Event "Chess Olympiad"]
[Site "Istanbul TUR"]
[Date "2012.08.30"]
[EventDate "2012.08.28"]
[Round "3.3"]
[Result "1/2-1/2"]
[White "Eltaj Safarli"]
[Black "John Arni Nilssen"]
[WhiteElo "2620"]
[BlackElo "2372"]
[PlyCount "74"]

1. e4 c5 2. Nf3 Nc6 3. Bb5 g6 4. Bxc6 dxc6 5. d3 b6 6. h3 Bg7
7. O-O e5 8. a3 a5 9. Be3 Ne7 10. Nbd2 Ba6 11. Qb1 h6 12. Qa2
Bc8 13. Qc4 O-O 14. b4 Be6 15. Qc3 Nd5 16. exd5 cxd5 17. d4
cxd4 18. Nxd4 exd4 19. Bxd4 Rc8 20. Qe3 Bxd4 21. Qxd4 Rxc2
22. Rfc1 Qc7 23. Rxc2 Qxc2 24. Nf3 Qe4 25. Qd2 g5 26. Nd4 Rc8
27. Rd1 Rc4 28. bxa5 bxa5 29. Nxe6 Qxe6 30. Qxa5 d4 31. Qd2
Qd6 32. Qd3 Ra4 33. Ra1 Qc5 34. Kf1 Kg7 35. Rd1 Rxa3 36. Qxd4+
Qxd4 37. Rxd4 Ra4 1/2-1/2

[Event "Baku Open"]
[Site "Baku AZE"]
[Date "2013.09.19"]
[EventDate "2013.09.19"]
[Round "1.9"]
[Result "1/2-1/2"]
[White "Eltaj Safarli"]
[Black "Zaur Mammadov"]
[WhiteElo "2660"]
[BlackElo "2436"]
[PlyCount "48"]

1. e4 e6 2. d4 d5 3. Nd2 dxe4 4. Nxe4 Nd7 5. Bd3 Ngf6 6. Qe2
Nxe4 7. Bxe4 Be7 8. Nf3 O-O 9. Bd2 c5 10. dxc5 Nxc5 11. O-O-O
Qc7 12. h4 Nxe4 13. Qxe4 f6 14. Nd4 Qe5 15. Qxe5 fxe5 16. Nf3
e4 17. Ng5 Rxf2 18. Nxe4 Rf7 19. Ng5 Bxg5 20. hxg5 Bd7 21. Rh4
Rf5 22. b3 Be8 23. Rd4 Bc6 24. g4 Rd5 1/2-1/2

[Event "Baku Open"]
[Site "Baku AZE"]
[Date "2013.09.22"]
[EventDate "2013.09.19"]
[Round "4.10"]
[Result "0-1"]
[White "Orkhan Abdulov"]
[Black "Eltaj Safarli"]
[WhiteElo "2356"]
[BlackElo "2660"]
[PlyCount "66"]

1. e4 e5 2. Nf3 Nc6 3. d4 exd4 4. Nxd4 Bc5 5. Nxc6 Qf6 6. Qf3
dxc6 7. Nd2 Be6 8. Nb3 Bb6 9. c4 a5 10. a4 O-O-O 11. Be2 h5
12. O-O Bg4 13. Qxf6 Nxf6 14. Bxg4+ hxg4 15. c5 Ba7 16. Bg5
Rh5 17. Bxf6 gxf6 18. Rac1 Rd3 19. Nxa5 Rxc5 20. Rxc5 Bxc5
21. Rc1 Rd2 22. Nc4 Rxf2 23. Nd6+ cxd6 24. Rxc5 Rxb2 25. Rc4
c5 26. Kf1 Kd7 27. h4 gxh3 28. gxh3 Ke6 29. Rc3 Rb4 30. Re3
Rxa4 31. h4 f5 32. h5 fxe4 33. h6 f5 0-1

[Event "Baku Open"]
[Site "Baku AZE"]
[Date "2013.09.25"]
[EventDate "2013.09.19"]
[Round "7.10"]
[Result "1-0"]
[White "Eltaj Safarli"]
[Black "Ehsan Ghaem Maghami"]
[WhiteElo "2660"]
[BlackElo "2549"]
[PlyCount "39"]

1. e4 c5 2. Nf3 e6 3. d4 cxd4 4. Nxd4 a6 5. Bd3 Nf6 6. O-O Qc7
7. Qe2 d6 8. c4 g6 9. Nc3 Bg7 10. Rd1 O-O 11. Nf3 Nc6 12. Bc2
Nd7 13. Bf4 Nde5 14. Rac1 Bd7 15. Bb3 Rfc8 16. h3 Be8 17. Be3
Nxf3+ 18. Qxf3 Ne5 19. Qg3 Qb8 20. Bd4 1-0